000 00420nam a2200157 4500
001 110230
003 ES-MaACL
005 20230906185015.0
007 t|
008 061121s1905 xxk r ||||1| eng d
100 1 _aO'Connor, T.P.
_986312
245 1 0 _aLord Beaconsfield
_b: A Biography /
_cT.P. O'Connor.
260 _aLondon :
_bFisher,
_c1905.
300 _aXXXVIII, 712 p. ;
_c20 cm.
852 _aES-MaACL
_jF-7436
999 _c110230
_d110230